| 000 | 00397cam a2200157ua 4500 | ||
|---|---|---|---|
| 041 |
_aeng _h |
||
| 082 |
_a028.72629 _bTHE/MO |
||
| 100 | _aThe staff of motor, . | ||
| 245 | 0 | 0 |
_aMotor repair manual / _cThe staff of motor. _hTextual Documents |
| 250 |
_a1 / _b. |
||
| 260 |
_aLondon : _bTemple press limited , _c1958. |
||
| 300 | _a199 ; . | ||
| 504 | _a | ||
| 942 | _cBK | ||
| 999 |
_c6761 _d6761 |
||